Central Library OPAC University of Rajshahi

A critical history of Greek philosophy / (Record no. 30467)

MARC details
000 -LEADER
fixed length control field 00779cam a2200265u 4500
001 - CONTROL NUMBER
control field 30467
003 - CONTROL NUMBER IDENTIFIER
rucl marc code BD-RjUL
005 - DATE AND TIME OF LATEST TRANSACTION
control field 20211209051553.0
008 - FIXED-LENGTH DATA ELEMENTS--GENERAL INFORMATION
fixed length control field 140410r19721920enk 001 0 eng d
020 ## - INTERNATIONAL STANDARD BOOK NUMBER
International Standard Book Number 0333008367
035 ## - SYSTEM CONTROL NUMBER
System control number (BD-RjUL)30553
040 ## - CATALOGING SOURCE
Original cataloging agency DLC
Transcribing agency CarP
Modifying agency DLC
-- BD-RjUL
Language of cataloging eng
041 ## - LANGUAGE CODE
Language code of text/sound track or separate title eng
082 04 - DEWEY DECIMAL CLASSIFICATION NUMBER
Classification number 180
Author mark and year STC 1972
100 1# - MAIN ENTRY--PERSONAL NAME
Personal name Stace, Walter Terence. [from old catalog]
9 (RLIN) 92580
245 02 - TITLE STATEMENT
Title A critical history of Greek philosophy /
Statement of responsibility, etc. Walter Terence Stace
260 ## - PUBLICATION, DISTRIBUTION, ETC. (IMPRINT)
Place of publication, distribution, etc. London :
Name of publisher, distributor, etc. Macmillan and co., limited,
Date of publication, distribution, etc. 1920. [Reprinted 1972]
300 ## - PHYSICAL DESCRIPTION
Pagination xiv, 386 p. ;
Size 20 cm.
504 ## - BIBLIOGRAPHY, ETC. NOTE
Bibliography, etc Includes Index
650 #0 - SUBJECT ADDED ENTRY--TOPICAL TERM
Topical term or geographic name as entry element Philosophy, Ancient.
9 (RLIN) 3836
942 ## - ADDED ENTRY ELEMENTS (KOHA)
Source of classification or shelving scheme Dewey Decimal Classification
Koha item type Books
Holdings
Lost status Source of classification or shelving scheme Damaged status Not for loan Collection code Permanent Location Current Location Shelving location Date acquired Source of acquisition Cost, normal purchase price Total Checkouts Full call number Date last seen Copy number Koha item type Date checked out
  Dewey Decimal Classification     Non-fiction Central Library, University of Rajshahi Central Library, University of Rajshahi   10/12/1962 Zeitlinger 20.00   180 STC 1972 10/04/2014 C-10 Books  
  Dewey Decimal Classification     Non-fiction Central Library, University of Rajshahi Central Library, University of Rajshahi   10/12/1962 Zeitlinger 21.00 2 180 STC 1962 17/09/2023 C-8 Books 30/08/2023
  Dewey Decimal Classification     Non-fiction Central Library, University of Rajshahi Central Library, University of Rajshahi   10/12/1962 Zeitlinger 20.00 3 180 STC 1972 08/05/2017 C-9 Books 11/04/2017
  Dewey Decimal Classification     Non-fiction Central Library, University of Rajshahi Central Library, University of Rajshahi   10/12/1962 Zeitlinger 20.00 4 180 STC 1972 17/09/2023 C-7 Books 31/08/2023
  Dewey Decimal Classification     Non-fiction Central Library, University of Rajshahi Central Library, University of Rajshahi   10/12/1962 Zeitlinger 20.00 1 180 STC 1972 17/09/2023 C-6 Books 31/08/2023
  Dewey Decimal Classification     Non-fiction Central Library, University of Rajshahi Central Library, University of Rajshahi   10/12/1962 Zeitlinger 18.00 2 180 STC 1962 22/10/2024 C-5 Books 09/10/2024